000 00685nam a22002417a 4500
003 UA-OsUOA
001 30139
007 ta
008 20041105b un ||||| |||| 00| 0 ukr d
100 _aОбручев В.А.
090 _a910.4(5-191.2)
_bО-24
942 _cBK
040 _aUA-OsUOA
_brus
_cUA-OsUOA
_dUA-OsUOA
245 _aОт Кяхты до Культжи. Путешествие в Центральную Азию и Китай
300 _a236 с.
955 _a0
041 _arus
080 _a910.4(5-191.2)
260 _aМосква
_bИздательство Академии Наук СССР
_c1940
044 _aRU
650 7 _2UDC
999 _c316546
_d316546